| 000 | 00854nam a22002057a 4500 | ||
|---|---|---|---|
| 005 | 20150408114139.0 | ||
| 008 | 130905s SU ||||| |||| 00| 0 ARA d | ||
| 040 | _aMA-UN | ||
| 082 |
_221 _a613.70711 _bح ع ت |
||
| 245 |
_aتنمية المهارات الحركية والفنية للأطفال / _cعاصم صابر راشد حمودي، غادة كمال محروس مراد |
||
| 250 | _aط.1 | ||
| 260 |
_aالرياض : _bمكتبة الرشد، _c2012 |
||
| 300 |
_a391 ص. _c 24 سم. |
||
| 100 |
_aحمودي، عاصم صابر راشد _936851 |
||
| 650 |
_aتعليم الأطفال _912721 |
||
| 650 |
_aاللياقة البدنية _xدراسة وتعليم _936852 |
||
| 650 |
_aالتربية الفنية _xدراسة وتعليم _920101 |
||
| 700 |
_aمراد، غادة كمال محروس _936853 |
||
| 942 |
_2ddc _cBOOK |
||
| 999 |
_c30649 _d265149 |
||